000 004270000a22001810004500
003 MACL
005 20151216140911.0
008 151216b xxu||||| |||| 00| 0 eng d
040 _aMACL
_cMACL
041 _aEnglish
082 _a030
100 _aGeddes & Grosset
_920397
245 _aFamily Encyclopedia
260 _bGeddes & Grosset
_c1999
350 _a1189
650 _aEncyclopaedia
_920398
942 _cBK
_k030
_2ddc
999 _c40140
_d40140